Sports Quiz

Random Sports or MLB Quiz

Hall of Famers in the 1972 MLB All-Star Game Quiz Stats

 Plays Quiz not verified by Sporcle

Support Sporcle.
Go Orange.
Score 0/24 Timer 19:00
0 Plays Today
League Player % Correct
National LeagueTom Seaver
98.5%
American LeagueReggie Jackson
97%
National LeagueJohnny Bench
97%
National LeagueWillie Stargell
96.5%
National LeagueRoberto Clemente
96.5%
American LeagueBrooks Robinson
96%
American LeagueCarl Yastrzemski
95%
American LeagueJim Palmer
95%
National LeagueSteve Carlton
95%
American LeagueRod Carew
94.5%
National LeagueHank Aaron
94.5%
National LeagueFerguson Jenkins
93.5%
League Player % Correct
National LeagueJoe Morgan
93%
National LeagueBilly Williams
93%
National LeagueBob Gibson
92%
National LeagueRon Santo
92%
American LeagueCatfish Hunter
90.5%
American LeagueNolan Ryan
90.5%
National LeagueWillie Mays
88%
National LeagueLou Brock
87.5%
National LeagueDon Sutton
85%
American LeagueCarlton Fisk
84%
American LeagueGaylord Perry
77.5%
American LeagueLuis Aparicio
52.5%

You're not logged in!

Compare scores with friends on all Sporcle quizzes.
OR
Log In

From the Vault

Movie by Fictional Prequel

by BryanMercer

To really appreciate the movie, you need to know the backstory.
Remove Ads.
Support Sporcle.
Get the best of Sporcle when you Go Orange. This ad-free experience offers more features, more stats, and more fun while also helping to support Sporcle. Thank you for becoming a member.

Show Comments

Extras

Top Quizzes Today


Score Distribution

Your Account Isn't Verified!

In order to create a playlist on Sporcle, you need to verify the email address you used during registration. Go to your Sporcle Settings to finish the process.

Report this User

Report this user for behavior that violates our Community Guidelines.

Details: